Сводный каталог культурных ценностей Российской Федерации, похищенных и утраченных в период Второй мировой войны. Т. 11: Утраченные книжные ценности (Запись № 2675789)

Подробности
000 -МАРКЕР
контрольное поле 02423nam2a2200349 4500
001 - ИДЕНТИФИКАТОР ЗАПИСИ
контрольное поле RU\NLR\bibl\1882368
005 - ИДЕНТИФИКАТОР ВЕРСИИ
контрольное поле 20250616194104.0
010 ## - МЕЖДУНАРОДНЫЙ СТАНДАРТНЫЙ НОМЕР КНИГИ (ISBN)
Номер (ISBN) 978-5-904570-15-6
Тираж 500
021 ## - НОМЕР ГОСУДАРСТВЕННОЙ РЕГИСТРАЦИИ
Код страны российская федерация
Номер 2012-15585
Номер Листа государственной регистраци 1172
035 ## - ДРУГИЕ СИСТЕМНЫЕ НОМЕРА
Идентификатор записи (NLR Aleph) 001872128
100 ## - ДАННЫЕ ОБЩЕЙ ОБРАБОТКИ
Данные общей обработки 20120320d2011 |||y0rusy50 ca
101 0# - ЯЗЫК РЕСУРСА
Язык текста, звукозаписи и т.д. русский
102 ## - СТРАНА ПУБЛИКАЦИИ ИЛИ ПРОИЗВОДСТВА
Страна публикации российская федерация
105 ## - ПОЛЕ КОДИРОВАННЫХ ДАННЫХ: ТЕКСТОВЫЕ МАТЕРИАЛЫ, МОНОГРАФИЧЕСКИЕ
Кодированные данные о монографическом текстовом документе a |||||||||
200 1# - ЗАГЛАВИЕ И СВЕДЕНИЯ ОБ ОТВЕТСТВЕННОСТИ
Основное заглавие Утраченные книжные ценности
Обозначение и номер части кн. 10
Наименование части Зональная научная библиотека Воронежского государственного университета
Сведения, относящиеся к заглавию издания на русском языке XVIII - первой трети XX века
Первые сведения об ответственности [сост.: Л.Б. Вольфиун и др.
Последующие сведения об ответственности вступ. ст.: А.М. Мазурицкий и др.]
210 ## - ПУБЛИКАЦИЯ, РАСПРОСТРАНЕНИЕ И ДР.
Дата издания, распространения и т.д. 2011
Место издания, распространения и т.д. Б. м.
215 ## - ФИЗИЧЕСКАЯ ХАРАКТЕРИСТИКА
Специфическое обозначение материала и объем 167 с.
Другие сведения о физической характеристике ил., портр., факс.
320 ## - ПРИМЕЧАНИЯ О НАЛИЧИИ В ДОКУМЕНТЕ БИБЛИОГРАФИИ / УКАЗАТЕЛЯ
Текст примечания Библиогр. в тексте и в подстроч. примеч.
320 ## - ПРИМЕЧАНИЯ О НАЛИЧИИ В ДОКУМЕНТЕ БИБЛИОГРАФИИ / УКАЗАТЕЛЯ
Текст примечания Имен. указ.: с. 156-164
461 #0 - УРОВЕНЬ НАБОРА
Встроенное поле 001RU\NLR\bibl\1778351
-- 2001#$aСводный каталог культурных ценностей Российской Федерации, похищенных и утраченных в период Второй мировой войны$vТ. 11
Системный номер (АБИС) связанной записи 1626574
Место публикации Москва
Дата публикации 2010
Первые сведения об ответственности М-во культуры Рос. Федерации
Имя издателя, распространителя и т.д. Министерство культуры Российской Федерации
Заглавие Сводный каталог культурных ценностей Российской Федерации, похищенных и утраченных в период Второй мировой войны
Номер тома Т. 11
601 02 - НАИМЕНОВАНИЕ ОРГАНИЗАЦИИ КАК ПРЕДМЕТ
Начальный элемент ввода Воронежский государственный университет
Структурное подразделение организации Зональная научная библиотека
Формальный подзаголовок Каталоги
Тематический подзаголовок Фонды
Системный номер авторитетной/нормативной записи 2621396
Идентификатор авторитетной/нормативной записи RU\NLR\auth\661557956
606 1# - НАИМЕНОВАНИЕ ТЕМЫ КАК ПРЕДМЕТ
Наименование темы Книги
Формальный подзаголовок Каталоги
Тематический подзаголовок Разрушение и похищение немецкими захватчиками в СССР
Хронологический подзаголовок 1941 - 1945
Системный номер авторитетной/нормативной записи 2292249
Идентификатор авторитетной/нормативной записи RU\NLR\auth\661372763
686 ## - ИНДЕКСЫ ДРУГИХ КЛАССИФИКАЦИЙ
Индекс Ч734(2)718.1я18
686 ## - ИНДЕКСЫ ДРУГИХ КЛАССИФИКАЦИЙ
Индекс Я12(0)2
702 #1 - ИМЯ ЛИЦА - ВТОРИЧНАЯ ОТВЕТСТВЕННОСТЬ
Начальный элемент ввода Вольфцун
Часть имени, кроме начального элемента ввода Л. Б.
Расширение инициалов личного имени Людмила Борисовна
Код отношения Составитель
801 #0 - ИСТОЧНИК ЗАПИСИ
Страна российская федерация
Организация NLR
Дата составления 20120320
Правила каталогизации RCR
801 #1 - ИСТОЧНИК ЗАПИСИ
Страна российская федерация
Организация NLR
Дата составления 20120320
830 ## - ОБЩЕЕ ПРИМЕЧАНИЕ, СОСТАВЛЕННОЕ КАТАЛОГИЗАТОРОМ
Текст примечания Сост. по ЭК
942 ## - ДОПОЛНИТЕЛЬНЫЕ ЭЛЕМЕНТЫ ЗАПИСИ (АБИС)
Тип экземпляра АБИС Книга
980 ## - КОЛЛЕКЦИЯ
Название коллекции Национальная библиография
Экземпляры
Тип экземпляра Дата поступления Источник поступления Библиотека постоянного хранения Библиотека текущего хранения Место хранения Шифр хранения Штрих-код Статус не для выдачи
Книга 20.03.2012 Обязательный экземпляр РНБ (Садовая) РНБ (Садовая) Фонд эстампов и фотографий (изоизданий) Э КИс134/20/11-10 3618451